000
00221 a2200097 4500
001
40907
100
_a
Shaw, Isobel
245
_a
Illus, Guide to Pakistan
260
_a
Hong Kong
_b
Liberty Books
_c
090
_c
25160
_d
25160
942
_a
NUST-CAE
_c
M
_c
16848
999
_c
275980
_d
275980